Stile Calvino : cinque studi /

Bibliographic Details
Main Author: Asor Rosa, Alberto
Format: Book
Language:Italian
Published: Torino : Einaudi, 2001.
Series:Biblioteca Einaudi ; 121.
Subjects:

MARC

Tag First Indicator Second Indicator Subfields
LEADER 00000cam a22000004a 4500
001 in00001663262
005 20151024121158.0
008 011210s2001 it b 001 0 ita c
020 |a 8806159518 
035 |a (OCoLC)ocm48569256 
040 |a C3L  |c C3L  |d CGU  |d TXA  |d UtOrBLW 
042 |a pcc 
043 |a e-it--- 
045 |a x4x- 
049 |a TXAM 
050 4 |a PQ4809.A45  |b Z54 2001 
082 1 4 |a 853 
100 1 |a Asor Rosa, Alberto. 
245 1 0 |a Stile Calvino :  |b cinque studi /  |c Alberto Asor Rosa. 
264 1 |a Torino :  |b Einaudi,  |c 2001. 
300 |a 165 pages ;  |c 21 cm. 
336 |a text  |b txt  |2 rdacontent 
337 |a unmediated  |b n  |2 rdamedia 
338 |a volume  |b nc  |2 rdacarrier 
490 1 |a Biblioteca Einaudi ;  |v 121 
504 |a Includes bibliographical references. 
600 1 0 |a Calvino, Italo  |x Criticism and interpretation. 
830 0 |a Biblioteca Einaudi ;  |v 121. 
938 |a Casalini Libri  |b CASA  |n 00968302  |c L25000 
948 |a cataloged  |b h  |c 2002/2/27  |d c  |e jgreene  |f 10:18:03 am 
994 |a E0  |b TXA 
999 |a MARS 
999 f f |s 213adaee-f269-31f2-bd4b-abcd2897b32b  |i 748ed21b-e1cf-314b-a6ae-8c027177a006  |t 0 
952 f f |p ric  |a Texas A&M University  |b Rellis Campus  |c Joint Library Facility  |d Remote Storage  |t 0  |e PQ4809.A45 Z54 2001  |h Library of Congress classification  |i unmediated -- volume  |m A14828534999 
998 f f |a PQ4809.A45 Z54 2001  |t 0  |l Remote Storage